00943nam a2200301 a 450000100060000000300090000600500170001500800410003201500210007302000180009404000280011204100080014004300180014808200130016610000300017924000370020924500830024625000120032926000410034130000310038249000660041349000510047950400280053065000180055865000330057665000190060985200130062824815CO-ViMGA20230915232019.0141112s2004 ck r 000 u spa d ack - 2011 - xxxx a9789586486859 aCO-ViMGAbspacCO-ViMGA aspa as - ck - - - 04a657 C17c1 aCardozo Cuenca, Hernán. aTolima - Bibliografía regional10aContabilidad de entidades de economía solidaria / cHernán Cardozo Cuenca. a4a. ed. aBogotá : bEcoe Ediciones, c2011. axv, 413 p. : il. ; 24 cm. aColección ciencias administrativas. Contabilidad y finanzas aTextos universitarios. Contabilidad y finanzas aIncluye bibliografía.14aContabilidad 14aCooperativas - Contabilidad 14aCooperativismo 10.648.30